Банки и конкуренция (Запись № 13687137)

Подробности
000 -МАРКЕР
контрольное поле 02026nam0a2200361 4500
001 - ИДЕНТИФИКАТОР ЗАПИСИ
контрольное поле RU\NLR\BIBL_A\022689852
005 - ИДЕНТИФИКАТОР ВЕРСИИ
контрольное поле 20260420061635.0
010 ## - МЕЖДУНАРОДНЫЙ СТАНДАРТНЫЙ НОМЕР КНИГИ (ISBN)
Номер (ISBN) 978-5-6053663-2-4
Тираж 500
021 ## - НОМЕР ГОСУДАРСТВЕННОЙ РЕГИСТРАЦИИ
Код страны Российская Федерация
Номер КН-П-25-062333
Номер Листа государственной регистраци КН-П-25-6025
035 ## - ДРУГИЕ СИСТЕМНЫЕ НОМЕРА
Идентификатор записи (NLR Aleph) 022689852
100 ## - ДАННЫЕ ОБЩЕЙ ОБРАБОТКИ
Данные общей обработки 20251217d2025 k y0rusy50 ca
101 0# - ЯЗЫК РЕСУРСА
Язык текста, звукозаписи и т.д. русский
102 ## - СТРАНА ПУБЛИКАЦИИ ИЛИ ПРОИЗВОДСТВА
Страна публикации Российская Федерация
105 ## - ПОЛЕ КОДИРОВАННЫХ ДАННЫХ: ТЕКСТОВЫЕ МАТЕРИАЛЫ, МОНОГРАФИЧЕСКИЕ
Кодированные данные о монографическом текстовом документе a z 000yy
181 #0 - ПОЛЕ КОДИРОВАННЫХ ДАННЫХ: ВИД СОДЕРЖАНИЯ
Код вида содержания (ISBD) i4
Код характеристики содержания (ISBD) axxe
182 #0 - ПОЛЕ КОДИРОВАННЫХ ДАННЫХ: ТИП СРЕДСТВА
Код типа средства (ISBD) n - непосредственное
200 1# - ЗАГЛАВИЕ И СВЕДЕНИЯ ОБ ОТВЕТСТВЕННОСТИ
Основное заглавие Банки и конкуренция
Сведения, относящиеся к заглавию материалы "Открытой дискуссии президента АРБ", академика РАН Г.А. Тосуняна 19 сентября 2024 года
Первые сведения об ответственности НКС ООН РАН, АРБ, НИИ ДДиП
Последующие сведения об ответственности под общей редакцией академика РАН Г. А. Тосуняна
203 ## - ВИД СОДЕРЖАНИЯ И ТИП СРЕДСТВА
Вид содержания Текст
Дополнительные сведения об издании визуальный
Тип средства непосредственный
210 ## - ПУБЛИКАЦИЯ, РАСПРОСТРАНЕНИЕ И ДР.
Место издания, распространения и т.д. Москва
Имя издателя, распространителя и т. д. Новые печатные технологии
Дата издания, распространения и т.д. 2025
215 ## - ФИЗИЧЕСКАЯ ХАРАКТЕРИСТИКА
Специфическое обозначение материала и объем 99 с.
Другие сведения о физической характеристике ил., табл.
Размеры 21
606 1# - НАИМЕНОВАНИЕ ТЕМЫ КАК ПРЕДМЕТ
Наименование темы Конкуренция
Географический подзаголовок Российская Федерация
Системный номер авторитетной/нормативной записи 2083167
Идентификатор авторитетной/нормативной записи RU\NLR\AUTH\661259216
606 1# - НАИМЕНОВАНИЕ ТЕМЫ КАК ПРЕДМЕТ
Наименование темы Банки
Географический подзаголовок Российская Федерация
Системный номер авторитетной/нормативной записи 2077670
Идентификатор авторитетной/нормативной записи RU\NLR\AUTH\661253351
686 1# - ИНДЕКСЫ ДРУГИХ КЛАССИФИКАЦИЙ
Индекс У9(2)-13(2Р)
686 1# - ИНДЕКСЫ ДРУГИХ КЛАССИФИКАЦИЙ
Индекс У26(2)210(2Р)
702 #1 - ИМЯ ЛИЦА - ВТОРИЧНАЯ ОТВЕТСТВЕННОСТЬ
Код отношения Редактор
Графика поля Кириллица
Материалы, к которым относится поле rus
Начальный элемент ввода Тосунян
Часть имени, кроме начального элемента ввода Г. А.
Даты 1955-
Расширение инициалов личного имени Гарегин Ашотович
Системный номер авторитетной/нормативной записи 3341
Идентификатор авторитетной/нормативной записи RU\NLR\AUTH\7720273
711 02 - НАИМЕНОВАНИЕ ОРГАНИЗАЦИИ - АЛЬТЕРНАТИВНАЯ ОТВЕТСТВЕННОСТЬ
Начальный элемент ввода Ассоциация российских банков
Структурное подразделение Открытая дискуссия президента
Идентифицирующий признак Москва
Дата проведения временной организации 2024, сентябрь
Системный номер авторитетной/нормативной записи 2692011
Идентификатор авторитетной/нормативной записи RU\NLR\AUTH\880637146
712 02 - НАИМЕНОВАНИЕ ОРГАНИЗАЦИИ - ВТОРИЧНАЯ ОТВЕТСТВЕННОСТЬ
Код отношения Прочие
Начальный элемент ввода Российская академия наук
Структурное подразделение Научно-консультативный совет по правовым, психологическим и социально-экономическим проблемам общества
Системный номер авторитетной/нормативной записи 775283
Идентификатор авторитетной/нормативной записи RU\NLR\AUTH\880554339
942 ## - ДОПОЛНИТЕЛЬНЫЕ ЭЛЕМЕНТЫ ЗАПИСИ (АБИС)
Тип экземпляра АБИС Книга
980 ## - КОЛЛЕКЦИЯ
Название коллекции Национальная библиография

Нет доступных экземпляров.